000 00457nam a2200169Ia 4500
003 LK-CoDNM
008 010623t1986 xxu||||| |||| 00| 1 sin d
040 _aLK-CoDNM
_dLK-CoDNM
_eLK-CoDNM
041 _asin
080 _a8c(3-053.2)(39)
245 _aළමා ගී '86-අපේ පාසල
246 _aLama gee 86 : Ape pasala
260 _bMinistry of Education Service
_aColombo
_c1986
300 _b27, 25 cm
650 _aMusic
942 _cBK
999 _c113493
_d113493